=LDR 00000nam 2200000 4500 =001 INLIS000000000029027 =005 20130612131306 =008 ***********************************Ind** =035 ##$$0010-061300000029027 =041 ##$$a Ind =082 ##$$a 646.724 5 =090 ##$$a 646.724 5, Pus p =100 ##$$a Puspoyo, Endang Widjanarko =245 ##$$a Petunjuk praktis untuk pratata dan penataan rambut, Endang Widjanarko Puspoyo =260 ##$$a 1995 $b Jakarta =300 ##$$a viii, 88 hlm, ilus, 23 cm =650 ##$$a Penataan Rambut =850 ##$$a NBPNMAT